=LDR 00000nam 2200000 4500 =001 INLIS000000000061683 =005 20221107082632 =035 ##$$a 0010-1122000064 =007 ta =008 221107###########################0###### =020 ##$$a 978-602-356-425-5 =082 ##$$a 641.859 865 =084 ##$$a 641.859 865 RAJ i =100 #$$a Raj. Riana Dyah Prawitasari =245 1#$$a Inventarisasi karya budaya sayur cengeh di Kabupaten Lombok Tengah Provinsi Nusa Tenggara Barat /$c Raj. Riana Dyah Prawitasari, I Gusti Ngurah Jayati, I Made Suarsana =260 ##$$a Badung :$b Kepal Press,$c 2021 =300 ##$$a Xi, 60 halaman : $b Ilustrasi ; $c 20 cm =650 #4$$a Sayur Cengeh - Lombok Tengah =990 ##$$a 26872687 =990 ##$$a 430/51/2022